000 00486nam a2200181Ia 4500
001 20682
005 20260306172823.0
008 260306t2023||||xx |||||||||||||| ||spa||
041 _aESP
082 _a343.6
_bR31
100 _aReátegui Sánchez, James,
_eAUT
245 0 _aDelitos en las contrataciones del Estado :
_banálisis dogmático y jurisprudencial
260 _c2023
300 _a606 páginas :
_c25 cm.
650 _aGEN
654 _aCDE
942 _cLIB
_dJUS
_fJUS
_2ddc
_n
999 _c20682
_d20682